[Kariéra a predpoklady jej rozvoja]

Recenzia na monografiu, ktorej cieľom je komparácia názorov na kvalifikačné a osobnostné predpoklady na udržanie celoživotného zamestnania z pohľadu názorov zamestnávateľských subjektov a prístupov vzdelávacích inštitúcií

Gespeichert in:
Bibliographische Detailangaben
1. Verfasser: Oravský, Pavol
Format: Buchkapitel
Sprache:Slowakisch
Schlagworte:
Tags: Tag hinzufügen
Keine Tags, Fügen Sie das erste Tag hinzu!

MARC

LEADER 00000naa a2200000 4500
001 0193614
005 20240502073236.3
041 0 |a slo 
044 |a SK 
245 1 0 |a [Kariéra a predpoklady jej rozvoja]  |c Pavol Oravský 
520 |a Recenzia na monografiu, ktorej cieľom je komparácia názorov na kvalifikačné a osobnostné predpoklady na udržanie celoživotného zamestnania z pohľadu názorov zamestnávateľských subjektov a prístupov vzdelávacích inštitúcií 
610 2 0 |a recenzie 
610 2 0 |a zamestnávatelia 
610 2 0 |a zamestnanci 
610 2 0 |a vzdelávanie celoživotné 
610 2 0 |a kariéra 
100 1 |a Oravský, Pavol